[Event "Milanowek-ch"]
[Site "Milanowek"]
[Date "2014.06.26"]
[Round "8"]
[White "Wierzgala, Krzysztof"]
[Black "Bitowt, Jacek"]
[Result "0-1"]
[WhiteElo "1705"]
[BlackElo "1694"]
[PlyCount "118"]
[EventDate "2014.06.21"]
[EventType "swiss"]
[EventRounds "9"]
[EventCountry "POL"]
[SourceTitle "CBM 161 Extra"]
[Source "ChessBase"]
[SourceDate "2014.08.29"]
[SourceVersion "1"]
[SourceVersionDate "2014.08.29"]
[SourceQuality "1"]

1. e4 e6 2. d4 d5 3. exd5 exd5 4. Bd3 Nf6 5. Nf3 Bd6 6. 0-0 0-0 7. Bg5 Be6 8. Nbd2 Nbd7 9. c3 c6 10. Re1 Qc7 11. Qc2 h6 12. Bh4 Rae8 13. Rac1 Ng4 14. Bg3 Bxg3 15. hxg3 b6 16. Re2 Ngf6 17. Rce1 Bg4 18. Nf1 Rxe2 19. Rxe2 Re8 20. Ne3 Bxf3 21. gxf3 Nf8 22. Ng4 N8d7 23. Rxe8+ Nxe8 24. Qe2 Kf8 25. f4 Qd6 26. Kg2 Qe6 27. Ne5 Nxe5 28. fxe5 g6 29. Qe3 Kg7 30. b3 Nc7 31. Qf4 c5 32. Be2 Qc6 33. dxc5 bxc5 34. Bf3 Qe6 35. Qe3 Qb6 36. Qf4 Qe6 37. Be2 Qc6 38. Kh2 Qb6 39. Qd2 c4 40. Bd1 Ne6 41. bxc4 dxc4 42. Kg2 Qa5 43. f4 Qb5 44. Be2 Qb7+ 45. Bf3 Qb1 46. Bd5 Nc5 47. Kh3 Qd3 48. Qg2 Qxc3 49. Bc6 Qd4 50. Qe2 c3 51. e6 Nxe6 52. Bb5 h5 53. Bc4 Nc5 54. Kh2 Qd2 55. Qxd2 cxd2 56. Be2 Ne4 57. Kg2 Nc3 58. Kf2 d1Q 59. Bxd1 Nxd1+ 0-1

[Event "Milanowek-ch"]
[Site "Milanowek"]
[Date "2014.06.23"]
[Round "5"]
[White "Kokoszczynski, Jan"]
[Black "Wierzgala, Krzysztof"]
[Result "1-0"]
[WhiteElo "1753"]
[BlackElo "1705"]
[PlyCount "55"]
[EventDate "2014.06.21"]
[EventType "swiss"]
[EventRounds "9"]
[EventCountry "POL"]
[SourceTitle "CBM 161 Extra"]
[Source "ChessBase"]
[SourceDate "2014.08.29"]
[SourceVersion "1"]
[SourceVersionDate "2014.08.29"]
[SourceQuality "1"]

1. d4 Nf6 2. c4 e6 3. Nc3 Bb4 4. f3 Bxc3+ 5. bxc3 0-0 6. Bg5 d6 7. e3 c6 8. Bd3 Qa5 9. Bxf6 Qxc3+ 10. Kf2 gxf6 11. Ne2 Qa5 12. Qc2 Qh5 13. h4 Kg7 14. g4 Qa5 15. Rag1 Rh8 16. Nf4 Nd7 17. g5 f5 18. h5 Nf8 19. Rg2 Qd8 20. Rhg1 h6 21. Ke2 Qe7 22. Qc3 e5 23. gxh6+ Kxh6 24. dxe5 dxe5 25. Kd1 Rh7 26. Ne2 Be6 27. Qxe5 Rd8 28. Qf4+ 1-0

[Event "Milanowek-ch"]
[Site "Milanowek"]
[Date "2014.06.21"]
[Round "1"]
[White "Jakovljev, Zoran"]
[Black "Wierzgala, Krzysztof"]
[Result "1-0"]
[WhiteElo "2284"]
[BlackElo "1705"]
[PlyCount "59"]
[EventDate "2014.06.21"]
[EventType "swiss"]
[EventRounds "9"]
[EventCountry "POL"]
[SourceTitle "CBM 161 Extra"]
[Source "ChessBase"]
[SourceDate "2014.08.29"]
[SourceVersion "1"]
[SourceVersionDate "2014.08.29"]
[SourceQuality "1"]

1. e4 e6 2. d3 d5 3. Nd2 Nf6 4. Ngf3 Be7 5. g3 c5 6. Bg2 Nc6 7. 0-0 0-0 8. e5 Nd7 9. Re1 Qc7 10. Qe2 b6 11. h4 Ba6 12. Nf1 Rfe8 13. Bf4 Nd4 14. Nxd4 cxd4 15. a3 Rac8 16. Rec1 b5 17. Nd2 Nc5 18. Nf3 Na4 19. Nxd4 Nxb2 20. c4 Na4 21. cxd5 Nc3 22. Qg4 Qd7 23. Bh6 Bf8 24. d6 Bb7 25. Bxb7 Qxb7 26. h5 Qd5 27. Re1 Rc5 28. Bxg7 f5 29. exf6 Kf7 30. Bxf8 1-0

[Event "Milanowek-ch"]
[Site "Milanowek"]
[Date "2012.07.08"]
[Round "9"]
[White "Wierzgala, Krzysztof"]
[Black "Kowalska, Elzbieta"]
[Result "0-1"]
[WhiteElo "1752"]
[BlackElo "1915"]
[PlyCount "122"]
[EventDate "2012.06.30"]
[EventType "swiss"]
[EventRounds "9"]
[EventCountry "POL"]
[SourceTitle "EXT 2014"]
[Source "ChessBase"]
[SourceDate "2013.11.20"]
[SourceVersion "1"]
[SourceVersionDate "2013.11.20"]
[SourceQuality "1"]

1. e4 c5 2. Nf3 Nc6 3. d4 cxd4 4. Nxd4 Nf6 5. Nc3 d6 6. Be2 e5 7. Nf3 h6 8. h3 Be7 9. Be3 Be6 10. 0-0 d5 11. exd5 Nxd5 12. Nxd5 Qxd5 13. Qxd5 Bxd5 14. c4 Be6 15. Rac1 0-0 16. a3 f5 17. Nh2 f4 18. Bd2 Nd4 19. Bd1 Bf6 20. Nf3 Rfd8 21. Nxd4 Rxd4 22. Bc3 Rxc4 23. Be2 Rc7 24. Bf3 Re8 25. Rfe1 Bf5 26. Bd5+ Kh7 27. Be4 g6 28. Rcd1 Kg7 29. f3 Bd7 30. Rd6 Re6 31. Rd2 Bc6 32. Bc2 e4 33. Bxf6+ Kxf6 34. Bb3 Re5 35. Rd6+ Kg5 36. Bc2 Rce7 37. Kh2 exf3 38. Rxg6+ Kh5 39. Rg4 Be8 40. Rxe5+ Rxe5 41. Rxf4 Re2 42. Bd1 Rxg2+ 43. Kh1 Bc6 44. Bxf3+ Bxf3 45. Rxf3 Rxb2 46. Rd3 Kh4 47. Re3 h5 48. Kg1 a5 49. Re5 a4 50. Re4+ Kxh3 51. Rxa4 Kg3 52. Kf1 h4 53. Ra8 Rb1+ 54. Ke2 Kh2 55. a4 h3 56. Kf2 b6 57. Rb8 Rb4 58. Rb7 Rf4+ 59. Ke2 Kg3 60. Rxb6 h2 61. Rb1 Rxa4 0-1

[Event "Milanowek-ch"]
[Site "Milanowek"]
[Date "2012.07.04"]
[Round "5"]
[White "Wierzgala, Krzysztof"]
[Black "Rzeszowski, Dominik"]
[Result "1-0"]
[WhiteElo "1752"]
[BlackElo "1640"]
[PlyCount "101"]
[EventDate "2012.06.30"]
[EventType "swiss"]
[EventRounds "9"]
[EventCountry "POL"]
[SourceTitle "EXT 2014"]
[Source "ChessBase"]
[SourceDate "2013.11.20"]
[SourceVersion "1"]
[SourceVersionDate "2013.11.20"]
[SourceQuality "1"]

1. e4 e5 2. Nf3 Nc6 3. Bc4 Bc5 4. Nc3 Nf6 5. 0-0 0-0 6. d3 h6 7. Nd5 d6 8. c3 Na5 9. Bb3 Nxb3 10. axb3 Nxd5 11. exd5 Bb6 12. Be3 c6 13. dxc6 bxc6 14. h3 Bxe3 15. fxe3 Qb6 16. d4 e4 17. Nd2 d5 18. b4 a5 19. Rf2 Bb7 20. bxa5 Qxb2 21. Rb1 Qxc3 22. Rxb7 Qxe3 23. Nb3 f5 24. Qd2 Qxd2 25. Rxd2 f4 26. Rb6 Rfb8 27. Nc5 Rxb6 28. axb6 Ra1+ 29. Kh2 Rb1 30. b7 e3 31. Re2 g5 32. g3 Kf7 33. gxf4 gxf4 34. Kg2 h5 35. Rc2 Ke7 36. Kf3 Rf1+ 37. Ke2 Rb1 38. Kd3 Kd6 39. Rg2 f3 40. Rg6+ Kc7 41. Kxe3 Kb8 42. Kxf3 Rf1+ 43. Ke2 Rb1 44. Rxc6 Rb2+ 45. Kd1 h4 46. Kc1 Rb5 47. Rc8+ Ka7 48. Ra8+ Kb6 49. b8Q+ Kc6 50. Ra6+ Rb6 51. Rxb6# 1-0

[Event "Milanowek-ch"]
[Site "Milanowek"]
[Date "2012.07.03"]
[Round "4"]
[White "Dabrowski, Mikolaj"]
[Black "Wierzgala, Krzysztof"]
[Result "1-0"]
[WhiteElo "1560"]
[BlackElo "1752"]
[PlyCount "71"]
[EventDate "2012.06.30"]
[EventType "swiss"]
[EventRounds "9"]
[EventCountry "POL"]
[SourceTitle "EXT 2014"]
[Source "ChessBase"]
[SourceDate "2013.11.20"]
[SourceVersion "1"]
[SourceVersionDate "2013.11.20"]
[SourceQuality "1"]

1. Nf3 d5 2. b3 e6 3. Bb2 Nf6 4. e3 c5 5. c4 Nc6 6. cxd5 exd5 7. d4 cxd4 8. Nxd4 Bb4+ 9. Bc3 Qa5 10. Bxb4 Qxb4+ 11. Qd2 Qe7 12. Nc3 0-0 13. Be2 Be6 14. 0-0 Rac8 15. Rac1 Rfd8 16. Bd3 Ng4 17. h3 Nge5 18. Nxc6 bxc6 19. Qe2 Rd6 20. Bxh7+ Kxh7 21. Qh5+ Kg8 22. Qxe5 Rcd8 23. Ne2 Qh4 24. Nd4 Bxh3 25. Qh2 Rg6 26. Nf5 Qe4 27. Qxh3 Rf6 28. Ng3 Qe5 29. Qh5 Qe6 30. Rfd1 Rh6 31. Qf5 Qe7 32. Rd4 Rdd6 33. Qc8+ Rd8 34. Nf5 Qg5 35. Nxh6+ gxh6 36. Qxc6 1-0